01549 a2200217 45000010006000000050017000060080041000230030015000640400040000790800068001192450069001870200018002562640053002743000022003275050790003491000023011397000023011627000025011857000024012108560097012341252920260407155440.0260407a1993 arg spa dAR-UNSa-BCEJYS aAR-UNSa-BCEJYSbspacAR-UNSa-BCEJYS a519.87xModelos matemáticos para la investigación operativa10aIntroducción a los modelos cuantitativos para administración a970-625-005-0 1aMéxico :bGrupo Editorial Iberoaméricac1993 axx, 910 p.c24 cm a1. Introducción - 2. Programación lineal: El método gráfico - 3. Programación lineal: Análisis de sensibilidad y solución en computadora - 4. Aplicaciones de la programación lineal - 5. Programación lineal el método simplex - 6. Análisis de sensibilidad basado en el simplex y dualidad - 7. Problemas de transpote, asignación y transborda - 8. Programación lineal en enteros - 9. Modelos de redes - 10. Administración de proyectos PERT/CPM - 11. Modelos de inventarios - 12. Modelos de líneas de espera - 13. Simulación en computadora - 14. Análisis de decisiones - 15. Problemas de decisión de criterios múltiples - 16. Pronósticos - 17. Procesos de Markov - 18. Programación dinámica - 19. Procedimientos de solución basados en cálculo1 aAnderson, David R.1 aSweeney, Dannis J.1 aDíaz Mata, Alfredo1 aWilliams, Thomas A.41uhttps://www.biblioeco.unsa.edu.ar/pmb/images/libros/12529.jpgyImagen de portadaqimage/jpeg